特急「しらゆき」の停車駅 - Statistics

General Stats
  • This quiz has been taken 64 times
  • The average score is 11 of 13
Answer Stats
停車駅 % Correct
新潟
100%
新津
98%
直江津
97%
上越妙高
95%
長岡
95%
柏崎
93%
東三条
91%
新井
90%
高田
86%
見附
76%
春日山
72%
加茂
72%
柿崎
62%
No matching quizzes found
Score Distribution
Percent of People with Each Score
Percentile by Number Answered
Your Score History
You have not taken this quiz